[Event "Belgrade Premier League"]
[Site "Belgrade SRB"]
[Date "2008.10.10"]
[Round "6"]
[White "Lecic,P"]
[Black "Zmijanac,D"]
[Result "0-1"]
[WhiteElo "2113"]
[BlackElo "2202"]

1.e4 c5 2.Nf3 e6 3.d4 cxd4 4.Nxd4 Nc6 5.Nc3 Qc7 6.Be2 a6 7.O-O Nf6 8.a3 Be7
9.Kh1 O-O 10.f4 d6 11.Bf3 Na5 12.Qe1 Rb8 13.f5 Nc4 14.Qg3 Kh8 15.Be2 b5 16.Bd3 e5
17.Nde2 Bb7 18.b3 Nb6 19.Bb2 Rbc8 20.Rae1 Qb8 21.Qh3 Qa8 22.Ng3 Nbd7 23.Nh5 Nc5
24.Nxf6 Bxf6 25.Qf3 Rc7 26.Rg1 Rfc8 27.g4 Bg5 28.Re2 f6 29.h3 Nd7 30.Nd5 Bxd5
31.exd5 Nc5 32.Bc1 Bxc1 33.Rxc1 Nxb3  0-1

[Event "Belgrade Premier League"]
[Site "Belgrade SRB"]
[Date "2008.10.10"]
[Round "6"]
[White "Nestorovic,L"]
[Black "Podinic,V"]
[Result "1/2-1/2"]
[WhiteElo "2245"]
[BlackElo "2402"]

1.e4 c5 2.Nf3 e6 3.d4 cxd4 4.Nxd4 Nc6 5.Nc3 a6 6.Be2 Qc7 7.Be3 Nf6 8.O-O Bb4
9.Nxc6 bxc6 10.f4 d5 11.e5 Nd7 12.Na4 Be7 13.c4 O-O 14.Rc1 Qa5  1/2-1/2

[Event "Chigorin Memorial"]
[Site "St Petersburg RUS"]
[Date "2008.10.10"]
[Round "8"]
[White "Solovjov,S"]
[Black "Urjubdshzirov,E"]
[Result "1/2-1/2"]
[WhiteElo "2419"]
[BlackElo "2299"]

1.e4 c5 2.Nf3 e6 3.d4 cxd4 4.Nxd4 Nc6 5.Nc3 a6 6.Be3 Nf6 7.Qd2 Bb4 8.f3 d5
9.a3 Qa5 10.Nb3 Bxc3 11.Nxa5 Bxd2+ 12.Bxd2 dxe4 13.Nc4 O-O 14.Nb6 Rb8 15.O-O-O e5
16.Bg5 exf3 17.gxf3 Be6 18.Bxf6 gxf6 19.Nd7 Bxd7 20.Rg1+ Kh8 21.Rxd7 Rg8
22.Rg3 Rxg3 23.hxg3 Kg7 24.Bc4 Nd8 25.Bd5 h5 26.a4 f5 27.Kd2 Kf6 28.a5 f4
29.gxf4 exf4 30.Be4 Ne6 31.Rd5 Rd8 32.b4 h4 33.Rxd8 Nxd8 34.Ke2 Ke7 35.b5 axb5
36.Bxb7 Kd6 37.Kf2 Kc5 38.Be4 b4 39.Kg2 Kb5 40.Kh3 Kxa5 41.Kxh4 Ne6 42.Kg4 Kb5
43.Kf5 Kc4 44.Ke5 Kc3 45.Bh7 Ng5 46.Bg8 Kxc2 47.Kxf4 Ne6+ 48.Ke5 Nd8 49.Kd6 b3
50.Kd7 Nb7 51.Bxf7 b2 52.Bg6+ Kc1 53.Kc6 Nd8+ 54.Kd5 Nf7 55.f4 Nh6 56.Kc4 Ng4
57.Kb3 b1=Q+  1/2-1/2

[Event "1st WMSG Rapid Pair KO"]
[Site "Beijing CHN"]
[Date "2008.10.11"]
[Round "1.2"]
[White "Sukandar,I"]
[Black "Hou Yifan"]
[Result "0-1"]
[WhiteElo "2303"]
[BlackElo "2578"]

1.e4 c5 2.Nf3 e6 3.d4 cxd4 4.Nxd4 Nc6 5.Nc3 d6 6.Be2 Nf6 7.O-O Be7 8.Be3 a6
9.Kh1 Qc7 10.f4 O-O 11.Qe1 Nxd4 12.Bxd4 b5 13.a3 Bb7 14.Qg3 Rad8 15.Bd3 Rd7
16.Rae1 Re8 17.Re2 Qd8 18.Qh3 h6 19.Nd1 Bf8 20.Qg3 e5 21.Be3 Bxe4 22.f5 Bxd3
23.cxd3 Kh8 24.Nf2 d5 25.Rfe1 e4 26.Bd4 Bd6 27.Qh4 Be5 28.Bxe5 Rxe5 29.Qf4 Re8
30.h3 Rde7 31.d4 Qb6 32.Qe3 Rc7 33.g4 Rec8 34.h4 Kg8 35.Rg1 Rc2 36.g5 Rxe2
37.Qxe2 hxg5 38.hxg5 Nd7 39.Qh5 Qxd4 40.Ng4 e3 41.Nh6+ gxh6 42.gxh6+ Kh8  0-1

[Event "Belgrade Premier League"]
[Site "Belgrade SRB"]
[Date "2008.10.11"]
[Round "7"]
[White "Pavlovic,Rad"]
[Black "Vlahovic,S"]
[Result "1-0"]
[WhiteElo "2146"]
[BlackElo "2182"]

1.e4 c5 2.Ne2 e6 3.Nbc3 Nc6 4.d4 cxd4 5.Nxd4 Nf6 6.Ndb5 Bb4 7.a3 Bxc3+ 8.Nxc3 d5
9.exd5 exd5 10.Bd3 O-O 11.O-O Bg4 12.Be2 Bxe2 13.Nxe2 h6 14.Be3 Re8 15.h3 Qd7
16.Nd4 Re4 17.a4 Rae8 18.Ra3 Ne5 19.Bc1 Nc6 20.Rd3 Nb4 21.Rg3 Kh8 22.Bxh6 gxh6
23.Qd2 Kh7 24.Qxb4 Nh5 25.Rf3 Nf4 26.Qb5 Qc8 27.c3 Rg8 28.Rg3 a6 29.Qb3 h5
30.Qd1 h4 31.Rxg8 Qxg8 32.Qf3 Qg5 33.Kh2 f6 34.b3 Qe5 35.Kh1 Ng6 36.Nf5 Nf4
37.Qg4 Ne6 38.Qh5+ Kg8 39.Qg6+ Kf8 40.Qh6+ Ke8 41.Qh8+ Nf8 42.Nxh4 Kf7 43.Nf3 Qxc3
44.Qh5+ Kg7 45.Qxd5 Rb4 46.Re1 Qxb3 47.Re7+ Kh6 48.Qd2+ Kg6 49.Qd8 Nh7 50.Qd6 Ng5
51.Nxg5 Kxg5  1-0

[Event "Chigorin Memorial"]
[Site "St Petersburg RUS"]
[Date "2008.10.11"]
[Round "9"]
[White "Babaev,D"]
[Black "Vrublevskaya,O"]
[Result "0-1"]
[WhiteElo "1842"]
[BlackElo "2106"]

1.e4 c5 2.Nf3 Nc6 3.d4 cxd4 4.Nxd4 e6 5.Nc3 Qc7 6.Be3 a6 7.Be2 Nf6 8.O-O d6
9.f4 Be7 10.Qe1 O-O 11.Bf3 Nxd4 12.Bxd4 e5 13.Be3 exf4 14.Bxf4 Be6 15.e5 dxe5
16.Bxe5 Qa5 17.Qg3 Bc4 18.Rfd1 Rad8 19.Ne4 Qb6+ 20.Kh1 Qe6 21.b3 Bb5 22.c4 Bc6
23.Ng5 Qc8 24.Rf1 Rd3 25.Rad1 Rfd8 26.Rxd3 Rxd3 27.Qf4 Bxf3 28.Nxf3 Qg4 29.Qc1 Ne4
30.h3 Ng3+ 31.Bxg3 Qxg3 32.Rd1 Rxf3 33.Qd2 Re3 34.b4 g6 35.b5 axb5 36.cxb5 Bg5
37.Qb4 Bh4  0-1

[Event "FSIM October"]
[Site "Budapest HUN"]
[Date "2008.10.12"]
[Round "8"]
[White "Rooze,J"]
[Black "Bacso,G"]
[Result "1-0"]
[WhiteElo "2316"]
[BlackElo "2181"]

1.e4 c5 2.Nf3 e6 3.Nc3 Nc6 4.d4 cxd4 5.Nxd4 a6 6.g3 Nf6 7.Bg2 Qc7 8.O-O Be7
9.Re1 d6 10.Nde2 O-O 11.a4 Bd7 12.h3 Nb4 13.Bf4 Rad8 14.g4 e5 15.Bd2 Be6
16.g5 Nh5 17.Nd5 Nxd5 18.exd5 Bd7 19.Bf3 g6 20.Bxh5 gxh5 21.Ng3 h4 22.Ne4 f5
23.gxf6 Bxf6 24.Kh2 Kh8 25.Ra3 Bg7 26.Bg5 Rf4 27.Bxf4 exf4 28.Rc3 Bxc3 29.bxc3 Bf5
30.Qf3 Rg8 31.Nf6 Rf8 32.Ne8 Qc5 33.Qxf4 Qxd5 34.Re7 Rg8 35.Rxh7+  1-0

[Event "1st WMSG Blitz Team"]
[Site "Beijing CHN"]
[Date "2008.10.13"]
[Round "1"]
[White "Iwasaki,Y"]
[Black "Mrva,Mart"]
[Result "0-1"]
[WhiteElo "2110"]
[BlackElo "2467"]

1.e4 c5 2.Nf3 e6 3.d4 cxd4 4.Nxd4 Nc6 5.Nc3 d6 6.Be2 Be7 7.O-O Nf6 8.Be3 O-O
9.Kh1 Re8 10.f4 Bf8 11.Bf3 Na5 12.Qe2 a6 13.Rad1 Qc7 14.Bc1 g6 15.g4 Bg7
16.g5 Nd7 17.Qg2 Nc6 18.Nb3 b5 19.f5 Nde5 20.fxe6 fxe6 21.Qd2 Nc4 22.Qe1 N6e5
23.Nd4 Bb7 24.Bf4 Nxb2 25.Nce2 Nxd1 26.Qxd1 Nxf3 27.Rxf3 e5 28.Rc3 Qd7 29.Be3 exd4
30.Bxd4 Rxe4 31.Kg1 Rxe2  0-1

[Event "1st WMSG Blitz Team w"]
[Site "Beijing CHN"]
[Date "2008.10.13"]
[Round "2"]
[White "Pourkashiyan,A"]
[Black "Medvegy,N"]
[Result "1/2-1/2"]
[WhiteElo "2241"]
[BlackElo "2355"]

1.e4 c5 2.Nf3 e6 3.d4 cxd4 4.Nxd4 Nc6 5.Nc3 Qc7 6.Be2 a6 7.O-O Nf6 8.Be3 Bb4
9.Bd3 O-O 10.Nxc6 bxc6 11.f4 d5 12.e5 Nd7 13.Qh5 g6 14.Qh6 Bc5 15.Bxc5 Nxc5
16.Rf3 Nxd3 17.Rxd3 f5 18.Kh1 c5 19.Re1 Rb8 20.b3 a5 21.a4 Ba6 22.Rh3 Rf7
23.Ne2 d4 24.Ng1 Bb7 25.Nf3 Bxf3 26.Rxf3 c4 27.Qh3 Rd7 28.Rd1 cxb3 29.Rxb3 Rc8
30.Rb2 Qc4 31.Qb3 Qxb3 32.cxb3 d3 33.Kg1 Rc3 34.Kf2 Rb7 35.Ke3 Rbxb3 36.Rxb3 Rxb3
37.Rxd3 Rb4 38.Rd4 Rb3+ 39.Rd3 Rb4 40.Rd8+ Kg7 41.Rd7+ Kg8 42.Re7 Rxa4 43.Rxe6 Re4+
44.Kf3 a4 45.Ra6 Rb4 46.g3 Rb3+ 47.Kg2 a3 48.Kh3 Kf7 49.Rf6+ Ke7 50.Ra6 Kf7
51.Ra7+ Kg8 52.Kh4 h6 53.h3 Re3 54.g4 fxg4 55.hxg4 g5+ 56.fxg5 hxg5+ 57.Kxg5 Rxe5+
58.Kg6 Re6+ 59.Kf5 Rb6 60.Rxa3 Kg7 61.Ra7+ Kg8 62.Kg5 Rc6 63.Kh5 Rb6 64.g5 Rc6
65.Ra8+ Kg7 66.Ra7+ Kg8 67.g6 Rc1 68.Kg5 Rg1+ 69.Kf6 Rf1+ 70.Ke6 Re1+ 71.Kd5 Rg1
72.Ra6 Kg7 73.Ke5 Rxg6 74.Rxg6+ Kxg6 75.Ke4  1/2-1/2

[Event "1st WMSG Blitz Team w"]
[Site "Beijing CHN"]
[Date "2008.10.13"]
[Round "2"]
[White "Schink,B"]
[Black "Fomina,T"]
[Result "1/2-1/2"]
[WhiteElo "2031"]
[BlackElo "2214"]

1.e4 c5 2.Nf3 e6 3.d4 cxd4 4.Nxd4 Nc6 5.Nc3 Qc7 6.Be2 Nf6 7.O-O a6 8.Kh1 Be7
9.f4 d6 10.Bf3 O-O 11.Be3 Bd7 12.Bg1 Rac8 13.Qe2 b5 14.a3 Rfe8 15.Rae1 Nxd4
16.Bxd4 e5 17.Be3 Be6 18.Qf2 Bc4 19.Rg1 a5 20.g4 b4 21.axb4 axb4 22.Ne2 Bxe2
23.Rxe2 d5 24.exd5 e4 25.Bb6 Qd6 26.Bxe4 Nxe4 27.Rxe4 Qxd5 28.Qg2 Qc6 29.Bd4 Qxc2
30.Rge1 Qxg2+ 31.Kxg2 Kf8 32.Kf3 Bd6 33.Rxe8+ Rxe8 34.Rxe8+ Kxe8 35.Bxg7 Ke7
36.Bd4 Ke6 37.Ke4 f6 38.h3 b3 39.f5+ Kd7 40.Kd5 Be7 41.Kc4 Kc6 42.Kxb3 Kd5
43.Kc3 Ke4 44.b4 Bxb4+ 45.Kxb4 Kxd4 46.Kb5 Kd5 47.Kb4 Ke5  1/2-1/2

[Event "1st WMSG Blitz Team"]
[Site "Beijing CHN"]
[Date "2008.10.13"]
[Round "2"]
[White "Leon Hoyos,M"]
[Black "Shabalov,A"]
[Result "0-1"]
[WhiteElo "2535"]
[BlackElo "2585"]

1.e4 c5 2.Nf3 Nc6 3.Nc3 e6 4.d4 cxd4 5.Nxd4 Qc7 6.Be2 a6 7.O-O Nf6 8.Be3 d6
9.f4 Be7 10.Qe1 O-O 11.Qg3 Nxd4 12.Bxd4 b5 13.a3 Bb7 14.Rae1 g6 15.Bf3 Bc6
16.Kh1 a5 17.b4 axb4 18.axb4 Qb7 19.Qh3 Ra3 20.Qh6 Ne8 21.Nb1 Ra2 22.f5 e5
23.fxg6 hxg6 24.Bc3 Bf6 25.h4 Qe7 26.g3 Rxc2 27.Bg2 Bg7 28.Qe3 Nf6 29.Nd2 d5
30.Qd3 Rxd2 31.Qxd2 Nxe4 32.Bxe4 dxe4 33.Qe3 Rd8 34.Rd1 Rd3 35.Rxd3 exd3+
36.Kh2 Qd6 37.Qf2 Qd5 38.Ra1 Bh6 39.Re1 f6 40.Bd2 Bxd2 41.Qxd2 Qf3 42.Rc1 Kg7
43.Ra1 Bb7 44.Rc1 Bc6 45.Ra1 g5 46.Ra7+ Kg6 47.h5+ Qxh5+ 48.Kg1 Qh1+ 49.Kf2 Qh2+
50.Ke3 Qg1+ 51.Qf2 Qc1+ 52.Kxd3 Bd5 53.Qc5 Bc4+ 54.Ke4 Qh1+ 55.Ke3 Qe1+ 56.Kf3 Qe2+  0-1

[Event "1st WMSG Blitz Team"]
[Site "Beijing CHN"]
[Date "2008.10.13"]
[Round "2"]
[White "Neiksans,A"]
[Black "Leito,P"]
[Result "1/2-1/2"]
[WhiteElo "2456"]
[BlackElo "2336"]

1.e4 c5 2.Nf3 e6 3.d4 cxd4 4.Nxd4 Nc6 5.Nc3 d6 6.Be3 Nf6 7.Be2 Be7 8.O-O O-O
9.f4 e5 10.Nb3 exf4 11.Bxf4 Be6 12.Kh1 d5 13.exd5 Nxd5 14.Nxd5 Qxd5 15.Bf3 Qxd1
16.Raxd1 Rac8 17.c3 h6 18.Be3 b6 19.Nd4 Nxd4 20.Bxd4 Bxa2 21.Ra1 Bc4 22.Rfe1 Rfe8
23.Rxa7 Bc5 24.Rxe8+ Rxe8 25.Bxc5 bxc5 26.Ra8 Kf8 27.Kg1 Rxa8 28.Bxa8 Ke7
29.Kf2 Kd6 30.Ke3 Ke5 31.b4 cxb4 32.cxb4 Bb5 33.Be4 f5 34.Bf3  1/2-1/2

[Event "1st WMSG Blitz Team w"]
[Site "Beijing CHN"]
[Date "2008.10.13"]
[Round "3"]
[White "Popova,N"]
[Black "Zenyuk,I"]
[Result "1-0"]
[WhiteElo "2264"]
[BlackElo "2237"]

1.e4 c5 2.Nf3 e6 3.d4 cxd4 4.Nxd4 Nc6 5.Nc3 Qc7 6.Be2 a6 7.O-O Nf6 8.Be3 Bb4
9.Bd3 O-O 10.a3 Be7 11.Kh1 b5 12.f4 d6 13.Qf3 Bb7 14.Qh3 Nxd4 15.Bxd4 e5
16.Be3 Rfe8 17.Rae1 Bc8 18.f5 Bb7 19.Bd2 d5 20.exd5 Nxd5 21.Nxd5 Bxd5 22.f6 e4
23.Rxe4 Bxe4 24.Bxe4 g6 25.fxe7 Ra7 26.Bc3 Qxe7 27.Bd5 Rd7 28.Qh6 Qf8 29.Qg5 h6
30.Qf6  1-0

[Event "1st WMSG Blitz Team"]
[Site "Beijing CHN"]
[Date "2008.10.13"]
[Round "3"]
[White "Diermair,A"]
[Black "Diamant,A"]
[Result "0-1"]
[WhiteElo "2365"]
[BlackElo "2412"]

1.e4 c5 2.Nf3 e6 3.d4 cxd4 4.Nxd4 Nc6 5.Nc3 a6 6.Nxc6 bxc6 7.Bd3 d5 8.O-O Qc7
9.Re1 Bb7 10.Qf3 Bd6 11.e5 Bf8 12.b3 g6 13.Bg5 h6 14.Bf4 Bg7 15.Na4 c5 16.Qe2 Ne7
17.c4 O-O 18.Rac1 d4 19.Qd2 g5 20.Bg3 Ng6 21.Qe2 Qc6 22.f3 Rac8 23.Nb2 Qc7
24.Be4 Bxe4 25.Qxe4 Qc6 26.Nd3 Qxe4 27.Rxe4 Ne7 28.h4 Nf5 29.Bf2 gxh4 30.Bxh4 Nxh4
31.Rxh4 f6 32.exf6 Rxf6 33.Re1 Rg6 34.Rh5 Bf8 35.Nf4 Rf6 36.Nd3 a5 37.Kf2 a4
38.Rb1 axb3 39.axb3 Bd6 40.b4 cxb4 41.c5 Bf8 42.Rxb4 Bg7 43.Rb7 Rf7 44.Rb6 Re7
45.g4 e5 46.Rf5  0-1

[Event "1st WMSG Blitz Team"]
[Site "Beijing CHN"]
[Date "2008.10.13"]
[Round "4"]
[White "Schneider,Dm"]
[Black "Leito,P"]
[Result "1-0"]
[WhiteElo "2487"]
[BlackElo "2336"]

1.e4 c5 2.Nf3 e6 3.Nc3 Nc6 4.d4 cxd4 5.Nxd4 d6 6.Be2 Nf6 7.O-O Be7 8.Be3 O-O
9.f4 e5 10.Nb3 exf4 11.Bxf4 Be6 12.Kh1 d5 13.e5 Nd7 14.Nxd5 Ndxe5 15.Nxe7+ Qxe7
16.Qe1  1-0

[Event "1st WMSG Blitz Team w"]
[Site "Beijing CHN"]
[Date "2008.10.13"]
[Round "5"]
[White "Rudolf,An"]
[Black "Olsen,M"]
[Result "1-0"]
[WhiteElo "2318"]
[BlackElo "2004"]

1.e4 c5 2.Nf3 e6 3.d4 cxd4 4.Nxd4 Nc6 5.Nc3 Qc7 6.g3 a6 7.Bg2 Nf6 8.O-O Nxd4
9.Qxd4 Bc5 10.Bf4 Bxd4 11.Bxc7 Bc5 12.e5 Ng4 13.Ne4 Be7 14.Nd6+ Bxd6 15.Bxd6 f6
16.exf6 Nxf6 17.Rae1 Kf7 18.f4 Re8 19.c4 Rg8 20.f5 g5 21.Be5 Ke7 22.Bxf6+ Kxf6
23.fxe6+ Kg6 24.e7  1-0

[Event "1st WMSG Blitz Team w"]
[Site "Beijing CHN"]
[Date "2008.10.13"]
[Round "5"]
[White "Ruan Lufei"]
[Black "Swathi,G"]
[Result "1-0"]
[WhiteElo "2496"]
[BlackElo "2320"]

1.e4 c5 2.Nf3 Nc6 3.Nc3 e6 4.d4 cxd4 5.Nxd4 Nf6 6.Ndb5 d6 7.Bf4 e5 8.Bg5 a6
9.Na3 b5 10.Bxf6 gxf6 11.Nd5 Bg7 12.g3 O-O 13.Bg2 f5 14.exf5 e4 15.f6 Bxf6
16.Nxf6+ Qxf6 17.c3 Bf5 18.O-O Rad8 19.Nc2 d5 20.a4 b4 21.Qd2 bxc3 22.bxc3 Be6
23.Nd4 Rc8 24.Rfc1 Na5 25.Rab1 Bd7 26.Ne2 Bc6 27.Nf4 Nc4 28.Qd1 Rcd8 29.Bf1 Ne5
30.Bg2 Qd6 31.Rb6 Qc5 32.Qd4 Qe7 33.Rxa6 Qd7 34.Qxe5 Rc8 35.Nh5 f5 36.Nf6+ Rxf6
37.Qxf6 Bb7 38.Rd6 Qc7 39.Qe6+  1-0

[Event "1st WMSG Blitz Team"]
[Site "Beijing CHN"]
[Date "2008.10.13"]
[Round "7"]
[White "Goh Weiming"]
[Black "Diamant,A"]
[Result "0-1"]
[WhiteElo "2420"]
[BlackElo "2412"]

1.e4 c5 2.Nf3 e6 3.d4 cxd4 4.Nxd4 Nc6 5.Nc3 a6 6.Nxc6 bxc6 7.Bd3 d5 8.O-O Qc7
9.Re1 Bb7 10.Qf3 Bd6 11.h3 Ne7 12.b3 Ng6 13.Bb2 O-O 14.Na4 dxe4 15.Bxe4 f5
16.Bd3 c5 17.Qd1 Rae8 18.Bf1 Nf4 19.Qd2 Qc6 20.Rad1 Nxh3+ 21.Kh1 Bf4 22.Qc3 Nxf2+
23.Kg1 Rf6 24.Kxf2 Rg6 25.Re2 Rxg2+ 26.Ke1 Bg3+ 27.Kd2 Bf4+ 28.Ke1 Rxe2+
29.Kxe2 Qe4+ 30.Kf2 Bh6 31.Nxc5 Qf4+ 32.Ke1 Bd5 33.Qe5 Qh4+ 34.Ke2 Qg4+ 35.Ke1 Qh4+
36.Ke2 Qh5+ 37.Ke1 Qh4+ 38.Ke2 Qg4+ 39.Ke1 Bf4 40.Qe2 Bf3 41.Qd3 Bg3+ 42.Kd2 Bf4+
43.Ke1 Qg3+  0-1

[Event "1st WMSG Blitz Team"]
[Site "Beijing CHN"]
[Date "2008.10.13"]
[Round "8"]
[White "Li Chao2"]
[Black "Leito,P"]
[Result "1-0"]
[WhiteElo "2622"]
[BlackElo "2336"]

1.e4 c5 2.Nf3 e6 3.d4 cxd4 4.Nxd4 Nc6 5.Nc3 d6 6.Be2 Nf6 7.O-O Be7 8.Kh1 O-O
9.f4 e5 10.Nxc6 bxc6 11.Be3 exf4 12.Bxf4 Be6 13.Qe1 d5 14.Rd1 Qb6 15.exd5 cxd5
16.b3 Qc6 17.Qg3 Rac8 18.Be5 Kh8 19.Bd3 Rg8 20.Nb5 Ne4 21.Bxe4 dxe4 22.Nxa7 Qxc2
23.Nxc8 Qxc8 24.a4 f5 25.a5 Qa6 26.Qc3 Qb5 27.Ra1 Bb4 28.Qc7 e3 29.Bc3 e2
30.Rfe1 Bc5 31.a6 Bf2 32.a7 Bxe1 33.Bxg7+ Rxg7 34.a8=Q+ Rg8 35.Qaa7 Bd7 36.Qd4+ Rg7
37.Ra8+  1-0

[Event "1st WMSG Blitz Team"]
[Site "Beijing CHN"]
[Date "2008.10.13"]
[Round "8"]
[White "Diamant,A"]
[Black "Sandler,L"]
[Result "1/2-1/2"]
[WhiteElo "2412"]
[BlackElo "2357"]

1.e4 c5 2.Nf3 e6 3.d4 cxd4 4.Nxd4 Nc6 5.Nc3 Qc7 6.Be2 a6 7.O-O Nf6 8.Be3 d6
9.f4 Be7 10.a4 O-O 11.Kh1 Rd8 12.Qe1 Nxd4 13.Bxd4 e5 14.Be3 exf4 15.Bxf4 Be6
16.Qg3 Nd7 17.Bg4 Ne5 18.Bxe6 fxe6 19.Rf2 Rf8 20.Raf1 Bf6 21.Be3 Be7 22.Qh3 Qd7
23.Bd4 Rxf2 24.Rxf2 Rf8 25.Rxf8+ Bxf8 26.Qg3 Qf7 27.Kg1 Qc7 28.Qh3 Qc4 29.Be3 Be7
30.Qh5 g6 31.Qh3 Bf6 32.Qg3 b5 33.axb5 axb5 34.Qf4 Bg7 35.Qf1 Qxf1+ 36.Kxf1 Nc4
37.Bc1 Bxc3 38.bxc3 Kg7 39.Ke2 Kf6 40.Bf4 e5 41.Bg3 Ke6 42.Kd3 d5 43.h3 Nd6
44.exd5+ Kxd5 45.Bh4 e4+ 46.Ke2 Nf5 47.Bf6 Kc4 48.g4 Nd6 49.Ke3 Kd5 50.Kf4 Nc4
51.h4 Na3 52.h5 gxh5 53.gxh5 Nxc2 54.h6 e3 55.Kf3 Ke6 56.Bg5 Kf5 57.Be7 Kg6
58.Bf8 Kf5 59.Be7 Ke5  1/2-1/2

[Event "1st WMSG Blitz Team"]
[Site "Beijing CHN"]
[Date "2008.10.13"]
[Round "9"]
[White "Martin del Campo,R"]
[Black "Diamant,A"]
[Result "1-0"]
[WhiteElo "2420"]
[BlackElo "2412"]

1.e4 c5 2.Nf3 e6 3.d4 cxd4 4.Nxd4 Nc6 5.Nc3 a6 6.Nxc6 bxc6 7.e5 Qc7 8.f4 f6
9.Bd3 fxe5 10.Qh5+ Kd8 11.fxe5 Bc5 12.Bg5+ Ne7 13.O-O-O Rb8 14.Na4 Qa5 15.Nxc5 Qxc5
16.Rhf1 Kc7 17.Bxe7 Qxe7 18.Rf7 Qb4 19.b3 a5 20.Bc4 Qc3 21.Rd3 Qe1+ 22.Kb2 a4
23.Qd1 Qxe5+ 24.c3 Rd8 25.Qd2 Qe4 26.Qf2 Rb7 27.Rd4 Qe5 28.Ba6 Rb8 29.Bxc8 Kxc8
30.Rxa4 c5 31.Ra5 d6 32.Raa7 Rb6 33.Qf3 d5 34.Rfc7+ Kb8 35.Qf7 Qe2+ 36.Ka3 Ra6+
37.Rxa6 Qxa6+ 38.Kb2 Qe2+ 39.Ka3 Qa6+ 40.Kb2 Qe2+ 41.Ka3 Qa6+ 42.Kb2 d4 43.cxd4 cxd4
44.Rc4 d3 45.Rb4+ Kc8 46.Rc4+ Kb8 47.Rb4+ Ka8 48.Qf3+ Ka7 49.Qe3+ Ka8 50.Ra4 Qxa4
51.bxa4 d2 52.Qf3+ Ka7 53.Qd1 Ka6 54.Kb3 Ka5 55.g4 e5 56.Ka3 e4 57.Qe2 d1=Q
58.Qb5+  1-0

[Event "1st WMSG Blitz Team w"]
[Site "Beijing CHN"]
[Date "2008.10.13"]
[Round "9"]
[White "Carlsen,E"]
[Black "Olsen,M"]
[Result "1-0"]
[WhiteElo "1888"]
[BlackElo "2004"]

1.e4 c5 2.Nf3 e6 3.d4 cxd4 4.Nxd4 Nc6 5.Nc3 Qc7 6.Be3 a6 7.Be2 Nf6 8.O-O Be7
9.Qd2 O-O 10.Nxc6 bxc6 11.Bf4 e5 12.Be3 Bb4 13.f3 d5 14.exd5 cxd5 15.a3 Bxc3
16.bxc3 Be6 17.Rab1 Rfc8 18.Rb6 Qxc3 19.Bxa6 Qxd2 20.Bxd2 Rxc2 21.Bb4 g6
22.Bd3 Rcc8 23.Bd6 Nd7 24.Rb2 Rc6 25.Bb4 Rac8 26.Bd2 Kg7 27.a4 Nc5 28.Bb5 R6c7
29.Ba5 Rb7 30.Rc1 Nd3 31.Rxc8 Nxb2 32.Rc2 Nc4  1-0

[Event "1st WMSG Blitz Team"]
[Site "Beijing CHN"]
[Date "2008.10.13"]
[Round "10"]
[White "Martin del Campo,R"]
[Black "Kunte,A"]
[Result "1-0"]
[WhiteElo "2420"]
[BlackElo "2536"]

1.e4 c5 2.Nf3 e6 3.d4 cxd4 4.Nxd4 Nc6 5.Nc3 Qc7 6.Be3 a6 7.Be2 Nf6 8.O-O Be7
9.f4 d6 10.Kh1 O-O 11.Qe1 Nxd4 12.Bxd4 b5 13.a3 Bb7 14.Qg3 Rad8 15.Rae1 Rfe8
16.Bd3 Rd7 17.e5 dxe5 18.Bxe5 Qd8 19.Ne4 g6 20.Ng5 Nh5 21.Qg4 Bf6 22.Nxh7 Kxh7
23.Qxh5+ Kg7 24.Qg5 Rh8 25.Bxf6+ Qxf6 26.Qxf6+ Kxf6 27.Kg1 Rd4 28.Re3 Rh4
29.g3 Rh8 30.Rfe1 Rc8 31.c3 Rd6 32.Be4 Bxe4 33.Rxe4 Rd2 34.R1e2 Rcd8 35.Kf2 R2d5
36.a4 Rb8 37.axb5 Rdxb5 38.b4 Rc8 39.R2e3 a5 40.bxa5 Rxa5 41.Rd3 Ra2+ 42.Re2 Ra3
43.Rc2 Rc4 44.Ke3 Rb3 45.Kd2 Rb8 46.Rd4 Rc5 47.c4 Rb3 48.Rd3 Rb4 49.Rd4 Rb3
50.Rd3 Rb4 51.Rdc3 Ke7 52.Ke3 Rb1 53.Kd4 Kd6 54.Ra2 Rd1+ 55.Rd3 Rxd3+ 56.Kxd3 e5
57.Ra6+ Ke7 58.fxe5 Rxe5 59.Ra2 Kd6 60.Kd4 Re1 61.c5+ Kc7 62.Ra7+ Kc6 63.Rxf7 Rd1+
64.Ke5 Kxc5 65.Kf6 Rh1 66.Rh7 Kd5 67.Kxg6 Ke6 68.g4 Rb1 69.Rh8 Ke7 70.g5 Rb6+
71.Kg7 Ke6 72.Rf8 Rb7+ 73.Kg6 Rb4 74.Re8+ Kd7 75.Re2 Rf4 76.Kg7  1-0

[Event "1st WMSG Blitz Team"]
[Site "Beijing CHN"]
[Date "2008.10.13"]
[Round "11"]
[White "Kravtsiv,M"]
[Black "Diamant,A"]
[Result "1-0"]
[WhiteElo "2549"]
[BlackElo "2412"]

1.e4 c5 2.Nf3 e6 3.d4 cxd4 4.Nxd4 Nc6 5.Nc3 a6 6.Be3 Nf6 7.Bd3 Qc7 8.O-O Nxd4
9.Bxd4 Bc5 10.Be2 d6 11.Bf3 e5 12.Bxc5 Qxc5 13.Qd2 Be6 14.Rad1 Rd8 15.Rfe1 O-O
16.h3 Bf5  1-0

[Event "1st WMSG Rapid Team"]
[Site "Beijing CHN"]
[Date "2008.10.14"]
[Round "1"]
[White "Iwasaki,Y"]
[Black "Mrva,Mart"]
[Result "0-1"]
[WhiteElo "2110"]
[BlackElo "2467"]

1.e4 c5 2.Nf3 e6 3.d4 cxd4 4.Nxd4 Nc6 5.Nc3 d6 6.Bc4 Be7 7.Be3 Nf6 8.Qe2 O-O
9.O-O-O Na5 10.e5 Ne8 11.Bd3 dxe5 12.Nxe6 Bxe6 13.Bxh7+ Kxh7 14.Rxd8 Rxd8
15.Bxa7 Nc4 16.b3 Ra8 17.Nb5 Ned6 18.Nxd6 Bxd6 19.bxc4 Ba3+ 20.Kb1 Rxa7 21.Rd1 Kg8
22.Qe4 Ra4 23.Rd3 Bxc4 24.Ka1 b5 25.Rh3 Rd8 26.Rh8+ Kxh8 27.Qh4+ Kg8 28.Qxd8+ Bf8
29.Kb2 Rxa2+ 30.Kc3 Ra3+ 31.Kd2 Ra6 32.Ke3 g6 33.Ke4 Re6 34.g4 Kg7 35.g5 Be7
36.Qd2 Rd6 37.Qe3 Rd5 38.h4 Rd4+ 39.Kxe5 Rxh4 40.f4 Rh2 41.Kd4 Re2 42.Qc3 Bd6
43.f5 gxf5 44.Qh3 Re4+ 45.Kc3 Be5+ 46.Kd2 Rf4 47.Qh6+ Kg8 48.g6 Rd4+ 49.Kc1 Bf4+  0-1

[Event "1st WMSG Rapid Team"]
[Site "Beijing CHN"]
[Date "2008.10.14"]
[Round "2"]
[White "Nguyen Van Huy"]
[Black "Kunte,A"]
[Result "1/2-1/2"]
[WhiteElo "2422"]
[BlackElo "2536"]

1.e4 c5 2.Nf3 e6 3.d4 cxd4 4.Nxd4 Nc6 5.Nc3 Qc7 6.Be2 a6 7.O-O Nf6 8.Be3 Be7
9.f4 d6 10.Qe1 O-O 11.Qg3 Nxd4 12.Bxd4 b5 13.a3 Bb7 14.Rae1 Rae8 15.Bd3 e5
16.Be3 Nh5 17.Qh3 Nxf4 18.Bxf4 exf4 19.Rxf4 g6 20.Ref1 Bg5 21.R4f3 Re5 22.Kh1 Qe7
23.a4 b4 24.Nd5 Bxd5 25.exd5 a5 26.Qg4 Bh6 27.Qc4 Bg7 28.Qa6 Qd8 29.Qa7 Re7
30.Qf2 Bxb2 31.Qh4 f5 32.g4 Bf6 33.Qf2 Be5 34.gxf5 Ref7 35.Qg2 g5 36.Qg4 Qf6
37.Rg1 Rg7 38.Qh5 Kh8 39.Rg4 Rfg8 40.Re3 Rc8 41.Ree4 Qxf5 42.Rg1 Qf6 43.Ree1 Rf8
44.Rgf1 Bf4 45.Re8 Re7 46.Rxf8+ Qxf8 47.Qxg5 Bxg5 48.Rxf8+ Kg7 49.Ra8 Re3
50.Ra7+ Be7 51.Kg2 b3 52.cxb3 Kf6 53.Bc4 Bd8 54.Rxh7 Bb6 55.Rh6+ Ke7 56.Re6+ Kd7
57.Bb5+ Kc7 58.Rxe3 Bxe3 59.Kf3 Bd2 60.Kg4 Kd8 61.Kf5 Ke7 62.Kg6 Kf8 63.Bd7 Kg8
64.Be6+ Kh8 65.h4 Bc3 66.Bf5 Be1 67.h5 Bc3 68.Kf7 Bd2 69.Ke6 Bb4 70.h6 Kg8
71.Bg6 Kh8 72.Kd7 Kg8 73.Kc6 Kh8  1/2-1/2

[Event "1st WMSG Rapid Team"]
[Site "Beijing CHN"]
[Date "2008.10.14"]
[Round "2"]
[White "Diermair,A"]
[Black "Diamant,A"]
[Result "1/2-1/2"]
[WhiteElo "2365"]
[BlackElo "2412"]

1.e4 c5 2.Nf3 e6 3.d4 cxd4 4.Nxd4 Nc6 5.Nc3 Qc7 6.Be3 a6 7.Qd2 Nf6 8.O-O-O Be7
9.f3 O-O 10.g4 Rd8 11.g5 Ne8 12.f4 b5 13.Bd3 Bb7 14.Kb1 Rac8 15.h4 Nb4 16.g6 fxg6
17.h5 gxh5 18.Rxh5 Nxd3 19.cxd3 b4 20.Na4 Nf6 21.Rh3 Bf8 22.Nb3 Re8 23.Bd4 Qd8
24.Rg1 d6 25.Qh2 e5 26.fxe5 dxe5 27.Bxe5 Rxe5 28.Qxe5 Qd7 29.Rhg3 Qxa4 30.Qxf6 Qd7
31.Qh4 g6 32.d4 Rc4 33.Rf1 Bg7 34.Qf4 Qe7 35.e5 Bd5 36.Nd2 Rc8 37.Ne4 Qe6
38.b3 Rf8 39.Nf6+ Bxf6 40.exf6 Be4+ 41.Ka1 Qd5 42.Qe5 Qc6 43.Re3 Bf5 44.d5 Qc2
45.Ree1 Qc3+ 46.Qxc3 bxc3 47.Rc1 c2 48.Kb2 Rxf6 49.Rxc2 Rd6 50.Rc6 Rxd5 51.Rf2 a5
52.Rc7 h5 53.Re2 Kf8 54.Ra7 h4 55.Ree7 h3 56.Rh7 Kg8 57.Rag7+ Kf8 58.Ra7 Kg8
59.Rhg7+ Kf8 60.Rh7 Kg8 61.Rhg7+  1/2-1/2

[Event "1st WMSG Rapid Team"]
[Site "Beijing CHN"]
[Date "2008.10.14"]
[Round "2"]
[White "Yamada,K"]
[Black "Genutis,M"]
[Result "0-1"]
[WhiteElo "2017"]
[BlackElo "2325"]

1.e4 c5 2.Nf3 e6 3.d4 cxd4 4.Nxd4 Nc6 5.Nc3 Qc7 6.g3 a6 7.Bg2 d6 8.O-O Bd7
9.Nf3 Nf6 10.Qe2 Be7 11.Bf4 Ne5 12.Rad1 O-O 13.h3 Rac8 14.g4 Bc6 15.Nd4 Bd7
16.Bc1 Nc6 17.Nf3 b5 18.a3 Rfd8 19.g5 Nh5 20.Nh2 g6 21.Ng4 Bf8 22.Qe1 b4
23.axb4 Nxb4 24.Qe2 Qc4 25.Qd2 Bc6 26.Rfe1 Bb7 27.Kh2 Bg7 28.Nh6+ Kf8 29.Re3 Be5+
30.Kg1 Bf4 31.h4 Bxe3 32.fxe3 Rc7 33.Rf1 Kg7 34.b3 Qc5 35.Bb2 e5 36.Kh2 a5
37.Bf3 Qc6 38.Qf2 Qe8 39.Bxh5 Qe7 40.Bg4 Rf8 41.Bh3 Ba6 42.Rg1 Kh8 43.Ng4 Rfc8
44.Nh6 Rxc3 45.Nxf7+ Kg7 46.Bxc3 Rxc3 47.Rc1 Qxf7 48.Qd2 Rc7 49.Kg3 Qe7 50.c3 Nd3
51.Ra1 Nc5 52.Qc2 Bd3  0-1

[Event "1st WMSG Rapid Team"]
[Site "Beijing CHN"]
[Date "2008.10.15"]
[Round "3"]
[White "Savickas,A"]
[Black "Gonzalez Garcia,J2"]
[Result "1/2-1/2"]
[WhiteElo "2358"]
[BlackElo "2508"]

1.e4 c5 2.Nf3 e6 3.Nc3 Nc6 4.d4 cxd4 5.Nxd4 d6 6.Be2 Nf6 7.O-O Be7 8.Kh1 O-O
9.f4 Nxd4 10.Qxd4 b6 11.Bf3 Bb7 12.f5 Nd7 13.fxe6 fxe6 14.Qc4 Nc5 15.b4 Ba6
16.b5 Bb7 17.Be3 Kh8 18.Bxc5 Qc8 19.Rad1 Qxc5 20.Qxe6 Bf6 21.Ne2 Qxc2 22.Nd4 Bxd4
23.Rxd4 Rae8 24.Qc4 Qxc4 25.Rxc4 Bxe4 26.Rd1 Rxf3 27.Rxe4 Rxe4 28.gxf3 Re2
29.Rxd6 h6 30.a4 Ra2 31.Rd4  1/2-1/2